00698nam a2200205Ia 4500003000900000008004100009020001800050040001600068080001400084100002700098245011100125260002700236300001600263650004100279650004100320650001900361942000700380999001500387952009000402IN-BaIIA211028s9999 xx 000 0 eng d a0-471-87910-X cIIA Library a92:5bCLA aClarke, Arthur C96509 0aAscent to orbit : a scientific autobiographyc Arthur C Clarke  aNew York,bWileyc1984 aviii, 226p. aArthur C Clarke Autobiography914960 aAutobiography-Arthur C Clarke914961 aNASA Thesaurus cBK c8901d8901 00104070aBANbBANcGENd1986-11-04l0o92:5/ CLAp9786r2021-11-05w1986-11-04yBK